00665 a2200181 45000010006000000050017000060080041000230030015000640400040000790800039001192450025001580200018001832640051002013000020002521000037002727000029003098560145003382657520260407155544.0260407a1998 arg spa dAR-UNSa-BCEJYS aAR-UNSa-BCEJYSbspacAR-UNSa-BCEJYS a347.7(094.4)xCódigo de Comercio10aCódigo de Comercio a950-572-407-1 1aBuenos Aires :bVíctor P. de Zavalíac1998 a1609 p.c20 cm.1 aArgentina [Código de Comercio]1 aZamora, Fernando Marcelo41uhttps://biblioeco.unsa.edu.ar/pmb/images/libros/C?digo de Comercio Argentina (C?digo de Comercio) (1998).jpgyImagen de portadaqimage/jpeg